[Event "RUS-chT Men Rapid 2019"]
[Site "Sochi"]
[Date "2019.10.18"]
[Round "3.17"]
[White "Tsydypov, Zhamsaran"]
[Black "Yudin, Sergei"]
[Result "1/2-1/2"]
[WhiteElo "2553"]
[BlackElo "2497"]
[Annotator "ChessBase"]
[PlyCount "109"]
[EventDate "2019.10.18"]
[EventType "swiss"]
[EventCountry "RUS"]
[SourceTitle "playchess.com"]
[Source "ChessBase"]
[SourceQuality "1"]
[TimeControl "900+10"]

1. e4 {[%emt 0:00:00]} d6 {[%emt 0:00:00]} 2. d4 {[%emt 0:00:00]} Nf6 {[%emt 0:00:00]} 3. f3 {[%emt 0:00:20]} c5 {[%emt 0:00:00]} 4. dxc5 {[%emt 0:00:15]} Qa5+ {[%emt 0:00:00]} 5. Nc3 {[%emt 0:00:12]} Qxc5 {[%emt 0:00:54]} 6. Qe2 {[%emt 0:00:24]} Nc6 {[%emt 0:00:22]} 7. Be3 {[%emt 0:00:04]} Nd4 {[%emt 0:01:31]} 8. Bxd4 {[%emt 0:00:06]} Qxd4 {[%emt 0:00:02]} 9. Qb5+ {[%emt 0:00:07]} Nd7 {[%emt 0:00:13]} 10. Nd5 {[%emt 0:00:48]} Kd8 {[%emt 0:00:02]} 11. Ne2 {[%emt 0:00:33]} Qc5 {[%emt 0:00:17]} 12. Qb3 {[%emt 0:00:46]} e6 {[%emt 0:00:17]} 13. Ndf4 {[%emt 0:00:13]} Be7 {[%emt 0:00:43]} 14. O-O-O {[%emt 0:00:13]} Qb6 {[%emt 0:01:35]} 15. Qc3 {[%emt 0:00:34]} Bf6 {[%emt 0:00:07]} 16. Qa3 {[%emt 0:00:03]} Qc5 {[%emt 0:00:05]} 17. Qxc5 {[%emt 0:00:22]} dxc5 {[%emt 0:00:06]} 18. Nh5 {[%emt 0:00:07]} Be5 {[%emt 0:01:20]} 19. f4 {[%emt 0:00:31]} g6 {[%emt 0:00:02]} 20. Nhg3 {[%emt 0:01:09]} Bg7 {[%emt 0:00:11]} 21. e5 {[%emt 0:00:03]} Ke7 {[%emt 0:02:06]} 22. Ne4 {[%emt 0:00:12]} b6 {[%emt 0:00:04]} 23. Nd6 {[%emt 0:00:21]} f6 {[%emt 0:00:31]} 24. exf6+ {[%emt 0:01:20]} Nxf6 {[%emt 0:00:03]} 25. Nxc8+ {[%emt 0:02:20]} Raxc8 {[%emt 0:00:02]} 26. Nc3 {[%emt 0:00:02]} Nh5 {[%emt 0:04:30]} 27. g3 {[%emt 0:00:11]} Bxc3 {[%emt 0:00:02]} 28. bxc3 {[%emt 0:00:02]} Rcd8 {[%emt 0:00:01]} 29. Bc4 {[%emt 0:01:41]} Rxd1+ {[%emt 0:00:57]} 30. Rxd1 {[%emt 0:00:03]} Ng7 {[%emt 0:00:02]} 31. Kb2 {[%emt 0:00:10]} Rd8 {[%emt 0:01:05]} 32. Rd3 {[%emt 0:03:37]} Rxd3 {[%emt 0:00:03]} 33. cxd3 {[%emt 0:00:10]} Nf5 {[%emt 0:00:08]} 34. Kb3 {[%emt 0:00:10]} Nd6 {[%emt 0:01:34]} 35. Ba6 {[%emt 0:00:17]} Kf6 {[%emt 0:00:27]} 36. d4 {[%emt 0:01:18]} Kf5 {[%emt 0:00:49]} 37. dxc5 {[%emt 0:00:28]} bxc5 {[%emt 0:00:02]} 38. Bd3+ {[%emt 0:00:16]} Kf6 {[%emt 0:00:12]} 39. Ka4 {[%emt 0:00:28]} e5 {[%emt 0:00:01]} 40. fxe5+ {[%emt 0:00:22]} Kxe5 {[%emt 0:00:02]} 41. Ka5 {[%emt 0:00:02]} Kd5 {[%emt 0:00:37]} 42. Ka6 {[%emt 0:01:03]} c4 {[%emt 0:00:07]} 43. Bc2 {[%emt 0:00:18]} Ne4 {[%emt 0:00:28]} 44. a4 {[%emt 0:00:05]} Nxc3 {[%emt 0:00:03]} 45. a5 {[%emt 0:00:01]} Kc5 {[%emt 0:00:11]} 46. Kxa7 {[%emt 0:00:02]} Nd5 {[%emt 0:00:06]} 47. Kb7 {[%emt 0:00:06]} Nc3 {[%emt 0:00:32]} 48. a6 {[%emt 0:00:04]} Nb5 {[%emt 0:00:01]} 49. a7 {[%emt 0:00:16]} Nxa7 {[%emt 0:00:01]} 50. Kxa7 {[%emt 0:00:01]} Kd4 {[%emt 0:00:03]} 51. Kb6 {[%emt 0:00:03]} Ke3 {[%emt 0:00:10]} 52. Kc5 {[%emt 0:00:26]} Kf2 {[%emt 0:00:01]} 53. Kxc4 {[%emt 0:00:33]} Kg2 {[%emt 0:00:02]} 54. g4 {[%emt 0:00:07]} Kxh2 {[%emt 0:00:03]} 55. Kd4 {[%emt 0:00:03]} 1/2-1/2

[Event "RUS-chT Men Rapid 2019"]
[Site "Sochi"]
[Date "2019.10.18"]
[Round "3.18"]
[White "Khegay, Dmitriy"]
[Black "Triapishko, Alexandr"]
[Result "1/2-1/2"]
[WhiteElo "2509"]
[BlackElo "2514"]
[Annotator "ChessBase"]
[PlyCount "97"]
[EventDate "2019.10.18"]
[EventType "swiss"]
[EventCountry "RUS"]
[SourceTitle "playchess.com"]
[Source "ChessBase"]
[SourceQuality "1"]
[TimeControl "900+10"]

1. e4 {[%emt 0:00:00]} c6 {[%emt 0:00:03]} 2. d4 {[%emt 0:00:00]} d5 {[%emt 0:00:01]} 3. exd5 {[%emt 0:00:00]} cxd5 {[%emt 0:00:01]} 4. Bd3 {[%emt 0:00:00]} Nf6 {[%emt 0:00:10]} 5. h3 {[%emt 0:00:00]} Nc6 {[%emt 0:00:06]} 6. c3 {[%emt 0:00:01]} g6 {[%emt 0:00:50]} 7. Nf3 {[%emt 0:00:02]} Bf5 {[%emt 0:00:09]} 8. Be2 {[%emt 0:00:02]} Qc7 {[%emt 0:00:50]} 9. O-O {[%emt 0:00:07]} Bg7 {[%emt 0:00:18]} 10. Be3 {[%emt 0:00:07]} O-O {[%emt 0:00:18]} 11. Re1 {[%emt 0:00:02]} Rfe8 {[%emt 0:00:44]} 12. Nbd2 {[%emt 0:00:02]} Rad8 {[%emt 0:02:19]} 13. Nf1 {[%emt 0:00:04]} Ne4 {[%emt 0:00:13]} 14. Qc1 {[%emt 0:00:26]} e5 {[%emt 0:01:20]} 15. dxe5 {[%emt 0:00:02]} Nxe5 {[%emt 0:00:02]} 16. Bf4 {[%emt 0:00:03]} Qb6 {[%emt 0:01:27]} 17. Ne3 {[%emt 0:01:07]} Nc6 {[%emt 0:02:39]} 18. Bd3 {[%emt 0:05:52]} d4 {[%emt 0:04:15]} 19. Nxf5 {[%emt 0:00:02]} gxf5 {[%emt 0:00:01]} 20. Bxe4 {[%emt 0:00:48]} fxe4 {[%emt 0:00:06]} 21. Nxd4 {[%emt 0:00:22]} Nxd4 {[%emt 0:00:03]} 22. cxd4 {[%emt 0:00:04]} Qxd4 {[%emt 0:00:17]} 23. Rb1 {[%emt 0:01:39]} Rc8 {[%emt 0:00:17]} 24. Qe3 {[%emt 0:00:01]} Qxe3 {[%emt 0:00:15]} 25. Bxe3 {[%emt 0:00:04]} Rc2 {[%emt 0:00:25]} 26. Rec1 {[%emt 0:01:12]} Rec8 {[%emt 0:00:20]} 27. Rxc2 {[%emt 0:02:13]} Rxc2 {[%emt 0:00:02]} 28. Bxa7 {[%emt 0:00:01]} Bxb2 {[%emt 0:00:36]} 29. g4 {[%emt 0:00:19]} Rc1+ {[%emt 0:00:52]} 30. Rxc1 {[%emt 0:00:01]} Bxc1 {[%emt 0:00:01]} 31. Bd4 {[%emt 0:00:36]} Kf8 {[%emt 0:00:38]} 32. Kg2 {[%emt 0:01:58]} Bf4 {[%emt 0:00:07]} 33. f3 {[%emt 0:01:36]} exf3+ {[%emt 0:00:03]} 34. Kxf3 {[%emt 0:00:01]} Bc1 {[%emt 0:00:19]} 35. Ke4 {[%emt 0:00:40]} Ke7 {[%emt 0:00:06]} 36. Kf5 {[%emt 0:00:00]} Ba3 {[%emt 0:00:22]} 37. h4 {[%emt 0:00:19]} Bb4 {[%emt 0:00:13]} 38. Bg7 {[%emt 0:00:40]} Ba3 {[%emt 0:00:12]} 39. g5 {[%emt 0:00:10]} Bb4 {[%emt 0:00:09]} 40. Bf6+ {[%emt 0:00:15]} Kd7 {[%emt 0:00:08]} 41. Be5 {[%emt 0:00:31]} Ke7 {[%emt 0:00:04]} 42. Bf6+ {[%emt 0:00:04]} Kd7 {[%emt 0:00:01]} 43. Ke5 {[%emt 0:00:05]} Be1 {[%emt 0:00:06]} 44. h5 {[%emt 0:00:01]} Bd2 {[%emt 0:00:15]} 45. Kd5 {[%emt 0:00:05]} Be3 {[%emt 0:00:06]} 46. Ke5 {[%emt 0:00:09]} Bc1 {[%emt 0:00:06]} 47. Kf5 {[%emt 0:00:02]} Ba3 {[%emt 0:00:13]} 48. Bd4 {[%emt 0:00:17]} Be7 {[%emt 0:00:09]} 49. Bf6 {[%emt 0:00:14]} 1/2-1/2

[Event "RUS-chT Men Rapid 2019"]
[Site "Sochi"]
[Date "2019.10.18"]
[Round "3.19"]
[White "Moiseenko, Vadim"]
[Black "Pogromsky, Mikhail"]
[Result "1-0"]
[WhiteElo "2532"]
[BlackElo "2411"]
[Annotator "ChessBase"]
[PlyCount "71"]
[EventDate "2019.10.18"]
[EventType "swiss"]
[EventCountry "RUS"]
[SourceTitle "playchess.com"]
[Source "ChessBase"]
[SourceQuality "1"]
[TimeControl "900+10"]

1. e4 {[%emt 0:00:00]} Nf6 {[%emt 0:00:06]} 2. Nc3 {[%emt 0:00:00]} d5 {[%emt 0:00:01]} 3. e5 {[%emt 0:00:02]} Nfd7 {[%emt 0:00:02]} 4. d4 {[%emt 0:00:33]} c5 {[%emt 0:00:01]} 5. f4 {[%emt 0:00:26]} cxd4 {[%emt 0:00:05]} 6. Qxd4 {[%emt 0:00:27]} e6 {[%emt 0:00:08]} 7. Qf2 {[%emt 0:00:01]} Nc6 {[%emt 0:02:22]} 8. Nf3 {[%emt 0:00:14]} a6 {[%emt 0:00:27]} 9. Be3 {[%emt 0:00:13]} Bb4 {[%emt 0:00:47]} 10. Bd3 {[%emt 0:00:23]} Qe7 {[%emt 0:01:02]} 11. O-O {[%emt 0:00:45]} Bc5 {[%emt 0:00:13]} 12. Kh1 {[%emt 0:01:03]} Bxe3 {[%emt 0:00:49]} 13. Qxe3 {[%emt 0:00:01]} Qb4 {[%emt 0:00:56]} 14. a3 {[%emt 0:00:40]} Qc5 {[%emt 0:00:10]} 15. Qe1 {[%emt 0:00:21]} Nd4 {[%emt 0:01:54]} 16. f5 {[%emt 0:01:59]} Nxf3 {[%emt 0:00:44]} 17. Rxf3 {[%emt 0:00:04]} Qd4 {[%emt 0:00:15]} 18. fxe6 {[%emt 0:01:57]} fxe6 {[%emt 0:00:02]} 19. Rd1 {[%emt 0:00:09]} Kd8 {[%emt 0:01:35]} 20. Bxa6 {[%emt 0:00:12]} Qxe5 {[%emt 0:00:10]} 21. Re3 {[%emt 0:00:21]} Qf4 {[%emt 0:02:23]} 22. Bb5 {[%emt 0:00:06]} Nf6 {[%emt 0:00:16]} 23. Rxe6 {[%emt 0:02:09]} Bxe6 {[%emt 0:00:03]} 24. Qxe6 {[%emt 0:00:01]} Kc7 {[%emt 0:00:23]} 25. Qe7+ {[%emt 0:01:11]} Kb6 {[%emt 0:00:25]} 26. Rf1 {[%emt 0:00:02]} Qd4 {[%emt 0:01:25]} 27. Qd6+ {[%emt 0:00:40]} Ka7 {[%emt 0:00:02]} 28. Bd3 {[%emt 0:00:10]} Qb6 {[%emt 0:00:22]} 29. Nb5+ {[%emt 0:00:21]} Ka6 {[%emt 0:00:01]} 30. Qb4 {[%emt 0:02:05]} Rac8 {[%emt 0:00:52]} 31. Rf4 {[%emt 0:00:13]} Rc4 {[%emt 0:00:49]} 32. Bxc4 {[%emt 0:00:56]} dxc4 {[%emt 0:00:02]} 33. Rf5 {[%emt 0:00:29]} Qa5 {[%emt 0:01:16]} 34. Nc7+ {[%emt 0:00:12]} Qxc7 {[%emt 0:00:05]} 35. Qa4+ {[%emt 0:00:01]} Kb6 {[%emt 0:00:01]} 36. Qa5+ {[%emt 0:00:00]} 1-0

[Event "RUS-chT Men Rapid 2019"]
[Site "Sochi"]
[Date "2019.10.18"]
[Round "3.20"]
[White "Ozgibcev, Anatoly"]
[Black "Rozum, Ivan"]
[Result "0-1"]
[WhiteElo "2367"]
[BlackElo "2599"]
[Annotator "ChessBase"]
[PlyCount "98"]
[EventDate "2019.10.18"]
[EventType "swiss"]
[EventCountry "RUS"]
[SourceTitle "playchess.com"]
[Source "ChessBase"]
[SourceQuality "1"]
[TimeControl "900+10"]

1. e4 {[%emt 0:00:00]} c6 {[%emt 0:00:24]} 2. d3 {[%emt 0:00:00]} d5 {[%emt 0:00:02]} 3. Nd2 {[%emt 0:00:00]} Qc7 {[%emt 0:00:04]} 4. Ngf3 {[%emt 0:00:00]} Bg4 {[%emt 0:00:02]} 5. Be2 {[%emt 0:00:03]} Nf6 {[%emt 0:00:03]} 6. O-O {[%emt 0:00:03]} Nbd7 {[%emt 0:00:07]} 7. c3 {[%emt 0:00:09]} e6 {[%emt 0:00:19]} 8. Qc2 {[%emt 0:00:41]} Bd6 {[%emt 0:00:08]} 9. h3 {[%emt 0:00:02]} Bh5 {[%emt 0:00:05]} 10. Re1 {[%emt 0:00:31]} O-O {[%emt 0:00:55]} 11. d4 {[%emt 0:00:31]} dxe4 {[%emt 0:00:49]} 12. Ng5 {[%emt 0:00:57]} e3 {[%emt 0:01:11]} 13. Nde4 {[%emt 0:01:25]} exf2+ {[%emt 0:00:26]} 14. Nxf2 {[%emt 0:00:08]} Bg6 {[%emt 0:00:43]} 15. Bd3 {[%emt 0:00:02]} Bh2+ {[%emt 0:00:26]} 16. Kh1 {[%emt 0:00:37]} Bxd3 {[%emt 0:01:05]} 17. Qxd3 {[%emt 0:00:18]} Bf4 {[%emt 0:00:09]} 18. Bxf4 {[%emt 0:00:25]} Qxf4 {[%emt 0:00:01]} 19. Nfe4 {[%emt 0:00:17]} Nxe4 {[%emt 0:00:16]} 20. Nxe4 {[%emt 0:00:06]} Nf6 {[%emt 0:00:04]} 21. Nxf6+ {[%emt 0:00:52]} Qxf6 {[%emt 0:00:02]} 22. Re5 {[%emt 0:00:01]} Rad8 {[%emt 0:00:15]} 23. Qg3 {[%emt 0:00:24]} Rd7 {[%emt 0:00:37]} 24. Kg1 {[%emt 0:00:16]} Rfd8 {[%emt 0:00:03]} 25. Rf1 {[%emt 0:00:01]} Qe7 {[%emt 0:00:07]} 26. Rf4 {[%emt 0:00:14]} Rd5 {[%emt 0:00:08]} 27. Rg4 {[%emt 0:00:03]} g6 {[%emt 0:00:05]} 28. h4 {[%emt 0:00:03]} Rxe5 {[%emt 0:00:23]} 29. dxe5 {[%emt 0:00:01]} Qc5+ {[%emt 0:00:09]} 30. Kh2 {[%emt 0:00:11]} Rd1 {[%emt 0:00:09]} 31. Rd4 {[%emt 0:01:20]} Rxd4 {[%emt 0:00:10]} 32. cxd4 {[%emt 0:00:02]} Qxd4 {[%emt 0:00:02]} 33. Qg5 {[%emt 0:00:01]} h5 {[%emt 0:00:46]} 34. b3 {[%emt 0:00:36]} c5 {[%emt 0:00:15]} 35. a4 {[%emt 0:00:10]} b6 {[%emt 0:00:20]} 36. g3 {[%emt 0:00:14]} Qf2+ {[%emt 0:02:19]} 37. Kh1 {[%emt 0:00:02]} Qf3+ {[%emt 0:00:02]} 38. Kh2 {[%emt 0:00:09]} Qe2+ {[%emt 0:00:28]} 39. Kh1 {[%emt 0:00:10]} Qd1+ {[%emt 0:00:02]} 40. Kh2 {[%emt 0:00:03]} Qc2+ {[%emt 0:00:02]} 41. Kh1 {[%emt 0:00:06]} Qxb3 {[%emt 0:00:09]} 42. Qd8+ {[%emt 0:00:24]} Kh7 {[%emt 0:00:02]} 43. Qe7 {[%emt 0:00:17]} Qf3+ {[%emt 0:00:04]} 44. Kh2 {[%emt 0:00:04]} c4 {[%emt 0:00:49]} 45. Qxa7 {[%emt 0:00:13]} c3 {[%emt 0:00:27]} 46. Qxb6 {[%emt 0:00:37]} c2 {[%emt 0:00:04]} 47. Qc7 {[%emt 0:00:45]} Qf2+ {[%emt 0:00:06]} 48. Kh3 {[%emt 0:00:19]} Qf1+ {[%emt 0:00:02]} 49. Kh2 {[%emt 0:00:01]} c1=Q {[%emt 0:00:03]} 0-1

[Event "RUS-chT Men Rapid 2019"]
[Site "Sochi"]
[Date "2019.10.18"]
[Round "3.21"]
[White "Nozdrachev, Vladislav"]
[Black "Alexeev, Alexey"]
[Result "1-0"]
[WhiteElo "2494"]
[BlackElo "2252"]
[Annotator "ChessBase"]
[PlyCount "158"]
[EventDate "2019.10.18"]
[EventType "swiss"]
[EventCountry "RUS"]
[SourceTitle "playchess.com"]
[Source "ChessBase"]
[SourceQuality "1"]
[TimeControl "900+10"]

1. e4 {[%emt 0:00:00]} c5 {[%emt 0:00:00]} 2. Nf3 {[%emt 0:00:00]} Nc6 {[%emt 0:00:00]} 3. Bb5 {[%emt 0:00:00]} d6 {[%emt 0:00:15]} 4. Bxc6+ {[%emt 0:00:02]} bxc6 {[%emt 0:00:02]} 5. O-O {[%emt 0:00:04]} Bg4 {[%emt 0:00:05]} 6. h3 {[%emt 0:00:10]} Bxf3 {[%emt 0:00:38]} 7. Qxf3 {[%emt 0:00:04]} e6 {[%emt 0:00:05]} 8. e5 {[%emt 0:00:57]} d5 {[%emt 0:00:07]} 9. d3 {[%emt 0:00:02]} Ne7 {[%emt 0:00:48]} 10. b3 {[%emt 0:00:04]} Nf5 {[%emt 0:00:38]} 11. Bb2 {[%emt 0:00:13]} Be7 {[%emt 0:01:30]} 12. Nc3 {[%emt 0:00:36]} Nd4 {[%emt 0:01:33]} 13. Qd1 {[%emt 0:01:18]} Qc7 {[%emt 0:00:53]} 14. Re1 {[%emt 0:00:22]} O-O {[%emt 0:00:40]} 15. Na4 {[%emt 0:00:03]} f6 {[%emt 0:00:24]} 16. Bxd4 {[%emt 0:00:10]} cxd4 {[%emt 0:00:31]} 17. Qg4 {[%emt 0:00:05]} f5 {[%emt 0:06:18]} 18. Qxd4 {[%emt 0:00:03]} c5 {[%emt 0:00:02]} 19. Qf4 {[%emt 0:00:27]} g5 {[%emt 0:00:23]} 20. Qf3 {[%emt 0:00:02]} Kh8 {[%emt 0:00:43]} 21. c4 {[%emt 0:00:03]} d4 {[%emt 0:00:07]} 22. b4 {[%emt 0:01:13]} cxb4 {[%emt 0:00:25]} 23. c5 {[%emt 0:00:02]} Rac8 {[%emt 0:00:12]} 24. Rac1 {[%emt 0:00:04]} Qa5 {[%emt 0:00:23]} 25. Qd1 {[%emt 0:00:27]} Rc6 {[%emt 0:00:25]} 26. Qb3 {[%emt 0:00:34]} Ra6 {[%emt 0:01:32]} 27. c6 {[%emt 0:00:02]} Qd5 {[%emt 0:00:13]} 28. c7 {[%emt 0:01:13]} Rc8 {[%emt 0:00:14]} 29. Nc5 {[%emt 0:03:27]} Rc6 {[%emt 0:00:16]} 30. Qxd5 {[%emt 0:00:14]} exd5 {[%emt 0:00:01]} 31. Nb3 {[%emt 0:00:02]} R8xc7 {[%emt 0:00:12]} 32. Rxc6 {[%emt 0:00:03]} Rxc6 {[%emt 0:00:02]} 33. Nxd4 {[%emt 0:00:01]} Rc7 {[%emt 0:00:36]} 34. Nxf5 {[%emt 0:00:03]} Kg8 {[%emt 0:00:03]} 35. Nxe7+ {[%emt 0:00:44]} Rxe7 {[%emt 0:00:00]} 36. e6 {[%emt 0:00:01]} Kg7 {[%emt 0:00:10]} 37. Re5 {[%emt 0:00:04]} Kf6 {[%emt 0:00:01]} 38. Rxd5 {[%emt 0:00:01]} Rxe6 {[%emt 0:00:08]} 39. Ra5 {[%emt 0:00:01]} a6 {[%emt 0:00:17]} 40. Kf1 {[%emt 0:00:36]} h5 {[%emt 0:00:10]} 41. Ra4 {[%emt 0:00:04]} Rb6 {[%emt 0:00:12]} 42. Ke2 {[%emt 0:00:01]} g4 {[%emt 0:00:17]} 43. h4 {[%emt 0:00:01]} Re6+ {[%emt 0:00:23]} 44. Kd2 {[%emt 0:00:03]} Rb6 {[%emt 0:00:11]} 45. Ra5 {[%emt 0:00:04]} Kg6 {[%emt 0:00:09]} 46. f3 {[%emt 0:01:37]} gxf3 {[%emt 0:00:07]} 47. gxf3 {[%emt 0:00:01]} b3 {[%emt 0:00:12]} 48. axb3 {[%emt 0:00:04]} Rxb3 {[%emt 0:00:00]} 49. Rxa6+ {[%emt 0:00:03]} Kf5 {[%emt 0:00:03]} 50. Ke3 {[%emt 0:00:13]} Rb1 {[%emt 0:00:05]} 51. Ra5+ {[%emt 0:00:01]} Kg6 {[%emt 0:00:04]} 52. d4 {[%emt 0:01:06]} Rh1 {[%emt 0:00:03]} 53. Rg5+ {[%emt 0:00:02]} Kh6 {[%emt 0:00:02]} 54. d5 {[%emt 0:00:02]} Rxh4 {[%emt 0:00:01]} 55. d6 {[%emt 0:00:23]} Rh1 {[%emt 0:00:02]} 56. Rd5 {[%emt 0:00:03]} Re1+ {[%emt 0:00:01]} 57. Kf4 {[%emt 0:00:01]} Re8 {[%emt 0:00:01]} 58. d7 {[%emt 0:00:01]} Rd8 {[%emt 0:00:01]} 59. Rd6+ {[%emt 0:00:02]} Kg7 {[%emt 0:00:01]} 60. Kg5 {[%emt 0:00:01]} Kf7 {[%emt 0:00:08]} 61. Kxh5 {[%emt 0:00:03]} Ke7 {[%emt 0:00:19]} 62. Rd3 {[%emt 0:00:02]} Rh8+ {[%emt 0:00:51]} 63. Kg6 {[%emt 0:00:01]} Kd8 {[%emt 0:00:01]} 64. f4 {[%emt 0:00:05]} Rh1 {[%emt 0:00:05]} 65. f5 {[%emt 0:00:01]} Rg1+ {[%emt 0:00:02]} 66. Kf7 {[%emt 0:00:01]} Rf1 {[%emt 0:00:15]} 67. f6 {[%emt 0:00:01]} Rf2 {[%emt 0:00:05]} 68. Rd5 {[%emt 0:00:11]} Rg2 {[%emt 0:00:09]} 69. Ke6 {[%emt 0:00:04]} Re2+ {[%emt 0:00:07]} 70. Kf5 {[%emt 0:00:04]} Rf2+ {[%emt 0:00:05]} 71. Kg6 {[%emt 0:00:02]} Rg2+ {[%emt 0:00:09]} 72. Rg5 {[%emt 0:00:02]} Rf2 {[%emt 0:00:05]} 73. f7 {[%emt 0:00:35]} Kxd7 {[%emt 0:00:14]} 74. Kg7 {[%emt 0:00:01]} Ke7 {[%emt 0:00:18]} 75. Re5+ {[%emt 0:00:02]} Kd6 {[%emt 0:00:08]} 76. Re8 {[%emt 0:00:01]} Rg2+ {[%emt 0:00:07]} 77. Kh6 {[%emt 0:00:02]} Rh2+ {[%emt 0:00:42]} 78. Kg5 {[%emt 0:00:01]} Rg2+ {[%emt 0:00:07]} 79. Kh4 {[%emt 0:00:01]} Kd5 1-0

[Event "RUS-chT Men Rapid 2019"]
[Site "Sochi"]
[Date "2019.10.18"]
[Round "3.22"]
[White "Truskavetsky, Alexandr"]
[Black "Vakhlamov, Igor L."]
[Result "0-1"]
[WhiteElo "2398"]
[BlackElo "2413"]
[Annotator "NA"]
[PlyCount "134"]
[EventDate "2019.10.18"]
[EventType "swiss"]
[EventCountry "RUS"]
[SourceTitle "playchess.com"]
[Source "ChessBase"]
[SourceQuality "1"]
[TimeControl "900+10"]

1. d4 {[%emt 0:00:00]} Nf6 {[%emt 0:00:00]} 2. c4 {[%emt 0:00:00]} e6 {[%emt 0:00:00]} 3. g3 {[%emt 0:00:00]} d5 {[%emt 0:00:00]} 4. Nf3 {[%emt 0:00:02]} Bb4+ {[%emt 0:00:00]} 5. Bd2 {[%emt 0:00:06]} Be7 {[%emt 0:00:02]} 6. Bg2 {[%emt 0:00:06]} O-O {[%emt 0:00:03]} 7. O-O {[%emt 0:00:03]} Nbd7 {[%emt 0:00:05]} 8. Bf4 {[%emt 0:00:48]} dxc4 {[%emt 0:00:25]} 9. Nbd2 {[%emt 0:01:38]} Nb6 {[%emt 0:01:04]} 10. e4 {[%emt 0:03:47]} Bd7 {[%emt 0:03:34]} 11. Qc2 {[%emt 0:01:46]} c5 {[%emt 0:02:32]} 12. dxc5 {[%emt 0:00:50]} Bxc5 {[%emt 0:00:01]} 13. e5 {[%emt 0:02:33]} Nfd5 {[%emt 0:00:09]} 14. Ng5 {[%emt 0:00:15]} g6 {[%emt 0:00:12]} 15. Nge4 {[%emt 0:01:39]} Be7 {[%emt 0:01:29]} 16. Bh6 {[%emt 0:00:17]} Re8 {[%emt 0:00:02]} 17. Nd6 {[%emt 0:01:17]} Bxd6 {[%emt 0:03:19]} 18. exd6 {[%emt 0:00:01]} Bc6 {[%emt 0:01:42]} 19. Nxc4 {[%emt 0:01:03]} Nxc4 {[%emt 0:00:02]} 20. Qxc4 {[%emt 0:00:01]} Qxd6 {[%emt 0:00:08]} 21. Rfe1 {[%emt 0:00:10]} f6 {[%emt 0:00:28]} 22. Rad1 {[%emt 0:00:08]} Rad8 {[%emt 0:00:12]} 23. h4 {[%emt 0:00:35]} a6 {[%emt 0:00:04]} 24. a3 {[%emt 0:00:14]} Qe7 {[%emt 0:00:18]} 25. b4 {[%emt 0:00:10]} Qf7 {[%emt 0:00:18]} 26. Qc5 {[%emt 0:00:21]} e5 {[%emt 0:00:11]} 27. Kh2 {[%emt 0:00:19]} Ne7 {[%emt 0:00:11]} 28. Bf1 {[%emt 0:00:12]} Bd5 {[%emt 0:00:22]} 29. Bc1 {[%emt 0:01:09]} Nf5 {[%emt 0:00:11]} 30. Bb2 {[%emt 0:00:06]} Bb3 {[%emt 0:00:11]} 31. Rxd8 {[%emt 0:00:15]} Rxd8 {[%emt 0:00:01]} 32. Qc3 {[%emt 0:00:18]} Nd4 {[%emt 0:00:26]} 33. Bg2 {[%emt 0:00:07]} Bd5 {[%emt 0:00:04]} 34. f4 {[%emt 0:00:05]} Bxg2 {[%emt 0:00:08]} 35. Kxg2 {[%emt 0:00:01]} Qd5+ {[%emt 0:00:03]} 36. Kf2 {[%emt 0:00:05]} Qe6 {[%emt 0:02:27]} 37. Kg2 {[%emt 0:00:31]} Qd5+ {[%emt 0:00:08]} 38. Kf2 {[%emt 0:00:00]} Nb5 {[%emt 0:00:01]} 39. Qe3 {[%emt 0:00:02]} Qd2+ {[%emt 0:00:01]} 40. Re2 {[%emt 0:00:01]} Qxe3+ {[%emt 0:00:03]} 41. Kxe3 {[%emt 0:00:05]} exf4+ {[%emt 0:00:03]} 42. Kxf4 {[%emt 0:00:09]} Kf7 {[%emt 0:00:01]} 43. g4 {[%emt 0:00:10]} Nc7 {[%emt 0:00:09]} 44. Rf2 {[%emt 0:00:18]} Rd6 {[%emt 0:00:23]} 45. h5 {[%emt 0:00:25]} Ne6+ {[%emt 0:00:04]} 46. Ke4 {[%emt 0:00:04]} Ng5+ {[%emt 0:00:02]} 47. Ke3 {[%emt 0:00:02]} Re6+ {[%emt 0:00:06]} 48. Kd3 {[%emt 0:00:12]} Rd6+ {[%emt 0:00:05]} 49. Ke3 {[%emt 0:00:02]} Re6+ {[%emt 0:00:21]} 50. Kd3 {[%emt 0:00:01]} Ne4 {[%emt 0:00:32]} 51. Rf4 {[%emt 0:00:11]} Nd6 {[%emt 0:00:11]} 52. Rf2 {[%emt 0:00:08]} f5 {[%emt 0:00:16]} 53. hxg6+ {[%emt 0:00:15]} hxg6 {[%emt 0:00:06]} 54. gxf5 {[%emt 0:00:06]} Nxf5 {[%emt 0:00:27]} 55. Rh2 {[%emt 0:00:14]} b5 {[%emt 0:00:18]} 56. Rh7+ {[%emt 0:00:18]} Ke8 {[%emt 0:00:01]} 57. Ra7 {[%emt 0:00:10]} g5 {[%emt 0:00:15]} 58. Rh7 {[%emt 0:00:13]} g4 {[%emt 0:00:16]} 59. Rh5 {[%emt 0:00:08]} Re3+ {[%emt 0:00:03]} 60. Kd2 {[%emt 0:00:12]} Rf3 {[%emt 0:00:01]} 61. Rg5 {[%emt 0:00:11]} Rf2+ {[%emt 0:00:05]} 62. Kc1 {[%emt 0:00:27]} g3 {[%emt 0:00:18]} 63. Be5 {[%emt 0:00:14]} g2 {[%emt 0:00:02]} 64. Bh2 {[%emt 0:00:02]} Kf7 {[%emt 0:00:21]} 65. Kd1 {[%emt 0:00:21]} Kf6 {[%emt 0:00:02]} 66. Rg8 {[%emt 0:00:01]} Kf7 {[%emt 0:00:16]} 67. Rg5 {[%emt 0:00:03]} Nd4 {[%emt 0:00:11]} 0-1